000 00792nam a22002177a 4500
003 UA-OsUOA
001 71680
007 ta
008 20101125b un ||||| |||| 00| 0 ukr d
100 _aШевченко З.
090 _a82
_bШ37
942 _cSA
040 _aUA-OsUOA
_bukr
_cUA-OsUOA
_dUA-OsUOA
245 _aЛітература як складова художньої культури (Матеріали до проведення вступного заняття з курсу за вибором "Художня література в контексті світової культури")
300 _aС.96-104
955 _a0
041 _aukr
080 _a82
773 0 _w71679
650 7 _a82 Література. Літературознавство
_2UDC
999 _c358012
_d358012